[Event "SenWM Bad Zwischenahn"]
[Site "?"]
[Date "2008.??.??"]
[Round "?"]
[White "Hohler, Peter"]
[Black "Filzmaier, Bruno"]
[Result "1-0"]
[WhiteElo "2210"]
[BlackElo "1960"]
[PlyCount "29"]
[EventDate "2008.??.??"]

1. Nf3 e6 2. d3 d5 3. g3 Nf6 4. Bg2 b6 5. Nbd2 Bb7 6. O-O Be7 7. e4 dxe4 8.
dxe4 Nxe4 9. Ne5 Nd6 10. Bxb7 Nxb7 11. Qf3 Qd5 12. Qxf7+ Kd8 13. Qxg7 Rf8 14.
Ndc4 Nd6 15. Bg5 1-0

[Event "SenWM Bad Zwischenahn"]
[Site "?"]
[Date "2008.??.??"]
[Round "?"]
[White "Willms, Willi"]
[Black "Bondick, Karl_Heinz"]
[Result "0-1"]
[WhiteElo "1685"]
[BlackElo "2175"]
[PlyCount "50"]
[EventDate "2008.??.??"]

1. e4 e5 2. Nf3 f5 3. d3 d6 4. Bg5 Nf6 5. Nc3 Be7 6. Be2 O-O 7. O-O c6 8. exf5
Bxf5 9. Nh4 Be6 10. Qd2 Nbd7 11. Kh1 d5 12. f4 d4 13. Ne4 Nxe4 14. dxe4 exf4
15. Bxe7 Qxe7 16. Rxf4 Rxf4 17. Qxf4 Rf8 18. Qg3 Nf6 19. Bf3 Qb4 20. b3 Qc3 21.
Rc1 d3 22. e5 Nd7 23. h3 Nxe5 24. Be4 d2 25. Qxc3 dxc1=Q+ 0-1

[Event "SenWM Bad Zwischenahn"]
[Site "?"]
[Date "2008.??.??"]
[Round "?"]
[White "Gousseinov, Aguif"]
[Black "Hartoch, Robert G"]
[Result "0-1"]
[WhiteElo "2010"]
[BlackElo "2195"]
[PlyCount "43"]
[EventDate "2008.??.??"]

1. e4 g6 2. d4 Bg7 3. Nc3 c6 4. Nf3 d6 5. Be2 Nf6 6. h3 O-O 7. Be3 Nbd7 8. Qd2
Qc7 9. Rd1 b5 10. Bd3 Bb7 11. Ne2 c5 12. Bxb5 Nxe4 13. Qc1 Qa5+ 14. Nc3 Nxc3
15. Bxd7 Nxd1+ 16. Bd2 Qxa2 17. Kxd1 cxd4 18. Bh6 Bxf3+ 19. gxf3 Bxh6 20. Qxh6
Qa1+ 21. Qc1 Qxc1+ 22. Kxc1 0-1

[Event "SenWM Bad Zwischenahn"]
[Site "?"]
[Date "2008.??.??"]
[Round "?"]
[White "Alvarez, Luis"]
[Black "Andersson, Kaj"]
[Result "0-1"]
[WhiteElo "1835"]
[BlackElo "2115"]
[PlyCount "50"]
[EventDate "2008.??.??"]

1. e4 c5 2. Nf3 d6 3. c3 Nf6 4. h3 Nbd7 5. Bd3 e5 6. Bc2 Be7 7. O-O O-O 8. d4
b5 9. dxe5 dxe5 10. Qe2 Qb6 11. Re1 Bb7 12. Bg5 Rac8 13. Nbd2 c4 14. Rac1 Rfe8
15. Nf1 Nh5 16. Rcd1 Nc5 17. Be3 Qe6 18. N3d2 Qg6 19. Nh2 f5 20. f3 Ng3 21. Qf2
f4 22. Ndf1 Nxf1 23. Kxf1 fxe3 24. Qxe3 Bg5 25. Qe2 Bh4 0-1

[Event "SenWM Bad Zwischenahn"]
[Site "?"]
[Date "2008.??.??"]
[Round "?"]
[White "Weller, Friedhelm"]
[Black "Kraft, Gerhard"]
[Result "0-1"]
[WhiteElo "1945"]
[BlackElo "2105"]
[PlyCount "54"]
[EventDate "2008.??.??"]

1. e4 e5 2. Nf3 Nf6 3. Nc3 Bb4 4. Nd5 Nxd5 5. exd5 d6 6. c3 Bc5 7. d4 exd4 8.
Nxd4 Qe7+ 9. Be3 O-O 10. Qd2 c6 11. dxc6 Bxd4 12. Qxd4 Nxc6 13. Qd2 Be6 14. Be2
Rfd8 15. O-O d5 16. Rfe1 Rd7 17. a3 d4 18. cxd4 Nxd4 19. Bxd4 Rad8 20. Qe3 Rxd4
21. Rac1 Qd6 22. h3 Qb6 23. Bg4 f5 24. Bf3 Bf7 25. b4 Re8 26. Qc3 Rdd8 27. Qc7
Rxe1+ 0-1

[Event "SenWM Bad Zwischenahn"]
[Site "?"]
[Date "2008.??.??"]
[Round "?"]
[White "Kraemer, Franz Josef"]
[Black "Giering, Gregor"]
[Result "1-0"]
[WhiteElo "1865"]
[BlackElo "2055"]
[PlyCount "37"]
[EventDate "2008.??.??"]

1. e4 e5 2. Nc3 Nf6 3. f4 d5 4. exd5 exf4 5. d4 Nxd5 6. Qe2+ Be7 7. Qe5 Nf6 8.
Bxf4 Nc6 9. Qxc7 Qxc7 10. Bxc7 Nxd4 11. O-O-O Bc5 12. Bb5+ Ke7 13. Nf3 Nxb5 14.
Rhe1+ Be6 15. Nxb5 Nd5 16. Rxd5 Bb6 17. Ng5 Kf6 18. Nxe6 fxe6 19. Rde5 1-0

[Event "SenWM Bad Zwischenahn"]
[Site "?"]
[Date "2008.??.??"]
[Round "?"]
[White "Kunze, Manfred"]
[Black "Borkenhagen, Bernd"]
[Result "1/2-1/2"]
[WhiteElo "1625"]
[BlackElo "1795"]
[PlyCount "46"]
[EventDate "2008.??.??"]

1. c4 Nf6 2. Nc3 c5 3. Nf3 Nc6 4. e3 d6 5. Be2 e5 6. a3 Be7 7. O-O O-O 8. d3
Qc7 9. Re1 a6 10. Nd2 Bd7 11. Rb1 Nd8 12. Bf3 Bc6 13. Nde4 Bxe4 14. Nxe4 Rb8
15. b4 b6 16. Nc3 Ne6 17. b5 a5 18. Nd5 Nxd5 19. Bxd5 Qc8 20. Bb2 Bf6 21. a4
Nc7 22. Qf3 Nxd5 23. Qxd5 Qd8 1/2-1/2

[Event "SenWM Damen Bad Zwischenahn"]
[Site "?"]
[Date "2008.??.??"]
[Round "?"]
[White "Fomina, Tatyana"]
[Black "Strutinskaya, Galina"]
[Result "0-1"]
[WhiteElo "2210"]
[BlackElo "2280"]
[PlyCount "120"]
[EventDate "2008.??.??"]

1. e4 c5 2. Nf3 Nc6 3. Bb5 e6 4. Bxc6 bxc6 5. d3 Ne7 6. O-O Ng6 7. g3 e5 8. h4
h5 9. Nbd2 d6 10. Nc4 Bh3 11. Re1 Be7 12. Ne3 Qd7 13. c3 d5 14. exd5 cxd5 15.
c4 d4 16. Nd5 Bg4 17. Nxe7 Qxe7 18. Qa4+ Bd7 19. Qa6 O-O 20. b4 Bg4 21. Ng5
cxb4 22. Bd2 Rfb8 23. Rab1 Rb6 24. Qa5 Rab8 25. Rb2 Bc8 26. Qa4 Ra6 27. Qd1 Bg4
28. f3 Bf5 29. Qe2 Ra3 30. Ne4 a5 31. Nf2 Qd7 32. Kg2 Qc6 33. Bc1 b3 34. axb3
Raxb3 35. Ra2 a4 36. Kh2 Rb1 37. Ne4 Bd7 38. Nd2 R1b6 39. Ba3 Qe6 40. Qg2 Qf5
41. Ne4 Rb1 42. Bc1 R8b3 43. Qf1 Bc6 44. Kg2 Bxe4 45. dxe4 Qd7 46. Bd2 Rxe1 47.
Qxe1 Qc6 48. Qf1 Nf8 49. Rc2 Ne6 50. c5 Rb5 51. Kh3 Rxc5 52. Rb2 Qc8 53. g4
hxg4+ 54. fxg4 Rc3+ 55. Kh2 Rb3 56. Ra2 Qc6 57. Qf5 Qc4 58. Be1 Rb1 59. Qf2
Rxe1 60. Rc2 Qf1 0-1

[Event "SenWM Damen Bad Zwischenahn"]
[Site "?"]
[Date "2008.??.??"]
[Round "?"]
[White "Voronova, Tatjana"]
[Black "Vilerte, Tamara"]
[Result "1/2-1/2"]
[WhiteElo "2225"]
[BlackElo "2205"]
[PlyCount "28"]
[EventDate "2008.??.??"]

1. d4 d5 2. c4 e6 3. Nc3 Nf6 4. Bg5 Be7 5. e3 c6 6. Nf3 O-O 7. Rc1 dxc4 8. Bxc4
Nd5 9. Bxe7 Qxe7 10. O-O Nxc3 11. Rxc3 Nd7 12. Qc2 e5 13. dxe5 Nxe5 14. Nxe5
Qxe5 1/2-1/2

[Event "SenWM Damen Bad Zwischenahn"]
[Site "?"]
[Date "2008.??.??"]
[Round "?"]
[White "Bilunova, Rimma"]
[Black "Saunina, Ludmilla"]
[Result "0-1"]
[WhiteElo "2150"]
[BlackElo "2295"]
[PlyCount "108"]
[EventDate "2008.??.??"]

1. e4 g6 2. d4 Bg7 3. Nf3 d6 4. Bc4 c6 5. c3 Nf6 6. e5 dxe5 7. Nxe5 O-O 8. O-O
Nbd7 9. f4 Qc7 10. Qb3 e6 11. Nd2 b5 12. Be2 Bb7 13. Bf3 a6 14. a4 Nb6 15. a5
Nbd5 16. Ne4 Nxe4 17. Bxe4 c5 18. c4 bxc4 19. Qxc4 Rfc8 20. dxc5 Qxc5+ 21. Qxc5
Rxc5 22. Bd2 f6 23. b4 Rc7 24. Nf3 Nxb4 25. Bxg6 Nc2 26. Bxc2 Rxc2 27. Be3 Rac8
28. Rac1 Rxc1 29. Rxc1 Rxc1+ 30. Bxc1 Bxf3 31. gxf3 Bf8 32. Bd2 Kf7 33. Kg2 Kg6
34. Kg3 Kf5 35. Be3 Bd6 36. Bd2 Bc7 37. h3 Bd6 38. Kg2 Bxf4 39. Bc3 Be5 40. Bd2
Bd4 41. Kg3 e5 42. Kg2 Kg6 43. Kg3 f5 44. Be1 f4+ 45. Kg2 Kf5 46. Kf1 e4 47.
Ke2 Ke5 48. Bb4 Kd5 49. Be1 Be5 50. Bh4 Bc7 51. Be1 Kd4 52. Bb4 Kc4 53. Bd2 e3
54. Be1 Bd8 0-1

[Event "SenWM Damen Bad Zwischenahn"]
[Site "?"]
[Date "2008.??.??"]
[Round "?"]
[White "Khmiadashvili, Tamara"]
[Black "Kuznetsova, Luba"]
[Result "1-0"]
[WhiteElo "2210"]
[BlackElo "2125"]
[PlyCount "61"]
[EventDate "2008.??.??"]

1. d4 d5 2. c3 c6 3. Nf3 g6 4. Bf4 Bg7 5. h3 Nd7 6. e3 Ngf6 7. Nbd2 O-O 8. Bd3
c5 9. O-O b6 10. b4 c4 11. Bc2 Bb7 12. a4 a6 13. Qe2 b5 14. e4 dxe4 15. Nxe4
Nd5 16. Qd2 Nxf4 17. Qxf4 Nb6 18. Nc5 Bxf3 19. Qxf3 Nd5 20. Be4 e6 21. Bxd5
exd5 22. Rfe1 Qd6 23. Re2 Rfb8 24. Rea2 bxa4 25. Rxa4 Rb6 26. Ra5 Bh6 27. g3
Bd2 28. R1a2 Bg5 29. b5 Bd8 30. Rxa6 Raxa6 31. bxa6 1-0

[Event "SenWM Damen Bad Zwischenahn"]
[Site "?"]
[Date "2008.??.??"]
[Round "?"]
[White "Zaytseva, Tamara"]
[Black "Dotan, Valerie"]
[Result "1/2-1/2"]
[WhiteElo "2275"]
[BlackElo "2120"]
[PlyCount "26"]
[EventDate "2008.??.??"]

1. e4 e5 2. Nf3 Nc6 3. Bb5 a6 4. Ba4 Nf6 5. O-O Be7 6. Re1 O-O 7. c3 b5 8. Bc2
d6 9. h3 Bb7 10. d4 h6 11. dxe5 Nxe5 12. Nxe5 dxe5 13. Qxd8 Rfxd8 1/2-1/2

[Event "SenWM Damen Bad Zwischenahn"]
[Site "?"]
[Date "2008.??.??"]
[Round "?"]
[White "Sorokina, Tamara"]
[Black "Epstein, Esther"]
[Result "0-1"]
[WhiteElo "2120"]
[BlackElo "2155"]
[PlyCount "74"]
[EventDate "2008.??.??"]

1. d4 Nf6 2. c4 e6 3. g3 c5 4. d5 exd5 5. cxd5 b5 6. Bg2 d6 7. e4 Nbd7 8. Ne2
g6 9. O-O Bg7 10. Qc2 O-O 11. Bf4 Nb6 12. Nbc3 b4 13. Nd1 Re8 14. a3 b3 15.
Qxb3 Nxe4 16. Ndc3 Bf5 17. Nxe4 Bxe4 18. Bxe4 Rxe4 19. Nc3 Re8 20. Rad1 Rb8 21.
Rd2 Qf6 22. Qb5 Nxd5 23. Nxd5 Rxb5 24. Nxf6+ Bxf6 25. Rxd6 Bxb2 26. Rb1 Reb8
27. Rd7 Bd4 28. Rxb5 Rxb5 29. Bh6 f5 30. Rxa7 Rb1+ 31. Kg2 Rb2 32. Kh3 Rxf2 33.
a4 Ra2 34. Bf4 c4 35. Rd7 Bf6 36. Rd6 Kf7 37. Rd7+ Ke6 0-1

[Event "SenWM Damen Bad Zwischenahn"]
[Site "?"]
[Date "2008.??.??"]
[Round "?"]
[White "Kuznetsova, Luba"]
[Black "Milashevskaya, Valentina"]
[Result "1/2-1/2"]
[WhiteElo "2125"]
[BlackElo "1830"]
[PlyCount "56"]
[EventDate "2008.??.??"]

1. e4 c5 2. Nc3 Nc6 3. f4 d6 4. Bb5 Bd7 5. Nf3 e6 6. d3 a6 7. Bxc6 Bxc6 8. O-O
Nf6 9. Qe1 Be7 10. Kh1 Qd7 11. a3 b5 12. Bd2 Qb7 13. Qg3 g6 14. Rae1 Nh5 15.
Qh3 Bd7 16. g4 Ng7 17. Kg1 h5 18. g5 O-O-O 19. Nh4 Kb8 20. Qg3 Bc6 21. Nd1 Rhg8
22. Ne3 Qc7 23. c4 d5 24. cxd5 exd5 25. e5 d4 26. Nc2 Bd7 27. Rc1 Qb7 28. Ba5
Rde8 1/2-1/2

[Event "SenWM Damen Bad Zwischenahn"]
[Site "?"]
[Date "2008.??.??"]
[Round "?"]
[White "Meinke, Dietlind"]
[Black "Kabanova, Irina"]
[Result "1/2-1/2"]
[WhiteElo "1890"]
[BlackElo "2030"]
[PlyCount "45"]
[EventDate "2008.??.??"]

1. e4 c5 2. Nc3 e6 3. f4 d5 4. exd5 exd5 5. Bb5+ Nc6 6. Qe2+ Be7 7. Nf3 Bg4 8.
O-O Nf6 9. Re1 Rc8 10. h3 Bxf3 11. Qxf3 O-O 12. Bxc6 Rxc6 13. d3 d4 14. Ne4 c4
15. f5 cxd3 16. cxd3 Nxe4 17. Qxe4 Bf6 18. Re2 Rc7 19. Bf4 Re7 20. Qf3 Rxe2 21.
Qxe2 Re8 22. Qf2 Qe7 23. Kf1 1/2-1/2

[Event "SenWM Damen Bad Zwischenahn"]
[Site "?"]
[Date "2008.??.??"]
[Round "?"]
[White "Benova, Zita"]
[Black "Fatalibekova, Elena"]
[Result "0-1"]
[WhiteElo "1805"]
[BlackElo "2280"]
[PlyCount "64"]
[EventDate "2008.??.??"]

1. e4 c5 2. Nf3 Nc6 3. d4 cxd4 4. Nxd4 g6 5. Nxc6 bxc6 6. c3 Bg7 7. Be3 Nf6 8.
f3 O-O 9. Nd2 d5 10. Qc2 Qc7 11. Nb3 dxe4 12. fxe4 Ng4 13. Bg1 Bh6 14. h3 Qg3+
15. Bf2 Nxf2 16. Qxf2 Qe3+ 17. Qxe3 Bxe3 18. Ke2 Bb6 19. Rd1 Be6 20. g4 f5 21.
exf5 gxf5 22. g5 Bd5 23. Rh2 Bg1 24. Rg2 Bxg2 25. Bxg2 Bb6 26. Bxc6 Rad8 27.
Rh1 Rd6 28. Bb5 Kg7 29. Nd2 Rfd8 30. Nc4 Re6+ 31. Kf3 a5 32. Ba4 Rd3+ 0-1

[Event "SenWM Damen Bad Zwischenahn"]
[Site "?"]
[Date "2008.??.??"]
[Round "?"]
[White "Blagonadezhnaya, Ideya"]
[Black "Wilfert, Eva_Maria"]
[Result "1/2-1/2"]
[WhiteElo "1965"]
[BlackElo "1785"]
[PlyCount "58"]
[EventDate "2008.??.??"]

1. e4 e6 2. d4 b6 3. Nc3 Bb7 4. Nf3 Nf6 5. e5 Nd5 6. Nxd5 Bxd5 7. Be2 Be7 8.
O-O O-O 9. Be3 d6 10. Qd2 dxe5 11. Nxe5 Nd7 12. Rad1 Nf6 13. f3 Rc8 14. Ba6 Rb8
15. c4 Ba8 16. Bb5 Bb7 17. Bc6 a5 18. Bxb7 Rxb7 19. Nc6 Qd7 20. Nxe7+ Qxe7 21.
Bg5 Rd8 22. Qe2 c6 23. Rd2 Rbd7 24. Rfd1 h6 25. Bh4 g5 26. Bf2 Nh5 27. g3 Ng7
28. d5 c5 29. dxe6 Nxe6 1/2-1/2

[Event "SenWM Bad Zwischenahn"]
[Site "?"]
[Date "2008.??.??"]
[Round "?"]
[White "Westerinen, Heikki"]
[Black "Uhlmann, Wolfgang"]
[Result "1/2-1/2"]
[WhiteElo "2345"]
[BlackElo "2415"]
[PlyCount "29"]
[EventDate "2008.??.??"]

1. e4 e6 2. d4 d5 3. Nc3 Bb4 4. Nge2 dxe4 5. a3 Bxc3+ 6. Nxc3 Nc6 7. d5 exd5 8.
Qxd5 Be6 9. Qxd8+ Rxd8 10. Bf4 Nge7 11. Nxe4 Bf5 12. Bd3 Bxe4 13. Bxe4 Rd4 14.
Bxc6+ Nxc6 15. Be3 1/2-1/2

[Event "SenWM Bad Zwischenahn"]
[Site "?"]
[Date "2008.??.??"]
[Round "?"]
[White "Danner, Georg"]
[Black "Onoprienko, Vladimir"]
[Result "0-1"]
[WhiteElo "2435"]
[BlackElo "2330"]
[PlyCount "96"]
[EventDate "2008.??.??"]

1. d4 Nf6 2. c4 c5 3. d5 g6 4. Nc3 Bg7 5. e4 d6 6. Nf3 O-O 7. Bd3 e6 8. h3 exd5
9. cxd5 b5 10. Bxb5 Nxe4 11. Nxe4 Qa5+ 12. Nfd2 Qxb5 13. Nxd6 Qa6 14. N2c4 Nd7
15. O-O Nb6 16. Nxb6 axb6 17. Bg5 Bxb2 18. Be7 Bd7 19. Qd2 Bg7 20. Ne4 f5 21.
Ng5 Rfe8 22. d6 Qc4 23. Nf3 Ra3 24. Rfe1 Rea8 25. Rac1 Rc3 26. Rxc3 Bxc3 27.
Qc1 Ra4 28. Re3 Bg7 29. Qxc4+ Rxc4 30. Ra3 Ra4 31. Rxa4 Bxa4 32. Bd8 c4 33.
Bxb6 c3 34. Nd4 Kf7 35. Nb3 Bxb3 36. d7 c2 37. Be3 Ke7 38. axb3 Bb2 39. g4 Kxd7
40. gxf5 gxf5 41. Kg2 c1=Q 42. Bxc1 Bxc1 43. Kg3 Bd2 44. Kf3 Ke6 45. Ke2 Bb4
46. Kd3 Kd5 47. f3 f4 48. Ke2 Kd4 0-1

[Event "SenWM Bad Zwischenahn"]
[Site "?"]
[Date "2008.??.??"]
[Round "?"]
[White "Suba, Mihai"]
[Black "Ljubarskij, Juri"]
[Result "1-0"]
[WhiteElo "2530"]
[BlackElo "2340"]
[PlyCount "59"]
[EventDate "2008.??.??"]

1. c4 e5 2. Nc3 Nf6 3. Nf3 Nc6 4. e3 d5 5. cxd5 Nxd5 6. Bb5 Nxc3 7. bxc3 Qf6 8.
d4 exd4 9. cxd4 Bb4+ 10. Bd2 Bxd2+ 11. Qxd2 O-O 12. Rc1 Bh3 13. O-O Qg6 14. Ne1
Rad8 15. Bxc6 bxc6 16. f3 Rd5 17. Nd3 Rg5 18. Nf4 Qh6 19. Nxh3 Qxh3 20. Rxc6
Rc8 21. e4 Qh5 22. Qf4 Ra5 23. Rxc7 Rxc7 24. Qxc7 h6 25. Qc8+ Kh7 26. Qc4 Ra3
27. d5 Qe5 28. Rd1 Qb2 29. d6 Rxa2 30. Qxa2 1-0

[Event "SenWM Bad Zwischenahn"]
[Site "?"]
[Date "2008.??.??"]
[Round "?"]
[White "Mnatsakanian, Eduard"]
[Black "Cebalo, Miso"]
[Result "0-1"]
[WhiteElo "2290"]
[BlackElo "2490"]
[PlyCount "48"]
[EventDate "2008.??.??"]

1. e4 c5 2. Nf3 d6 3. d4 cxd4 4. Nxd4 Nf6 5. Nc3 g6 6. Be3 Bg7 7. f3 O-O 8. Qd2
Nc6 9. Bc4 Bd7 10. O-O-O Ne5 11. Bb3 Rc8 12. Bg5 Nc4 13. Qd3 b5 14. f4 a6 15.
h3 Rc5 16. g4 Qa8 17. Bxf6 Bxf6 18. Nd5 Re8 19. Nxf6+ exf6 20. Rhe1 Bc6 21.
Nxc6 Qxc6 22. Bxc4 Rxc4 23. Qxd6 Rxc2+ 24. Kb1 Rc1+ 0-1

[Event "SenWM Bad Zwischenahn"]
[Site "?"]
[Date "2008.??.??"]
[Round "?"]
[White "Khanukov, Boris"]
[Black "Pribyl, Josef"]
[Result "1-0"]
[WhiteElo "2395"]
[BlackElo "2340"]
[PlyCount "80"]
[EventDate "2008.??.??"]

1. d4 Nf6 2. c4 g6 3. Nc3 d5 4. Bf4 Bg7 5. e3 c5 6. dxc5 Qa5 7. Rc1 dxc4 8.
Bxc4 Qxc5 9. Nb5 Qb4+ 10. Kf1 Na6 11. a3 Qc5 12. Bxf7+ Kxf7 13. Rxc5 Nxc5 14.
Nf3 Bf5 15. Ne5+ Kf8 16. g4 Nxg4 17. Nxg4 Bd3+ 18. Kg2 Bxb5 19. Bh6 Bxh6 20.
Nxh6 Kg7 21. Qd4+ Kxh6 22. Qh4+ Kg7 23. Qxe7+ Kh6 24. Qxc5 Bc6+ 25. f3 Rhf8 26.
e4 Rf7 27. h4 Raf8 28. Rh3 a6 29. Rg3 Kg7 30. h5 Rf6 31. Qe5 Re8 32. h6+ Kf7
33. Qc3 Rd8 34. Rg4 Rd7 35. Kg3 Ke7 36. Rf4 Re6 37. Qc5+ Kd8 38. b4 Rde7 39.
Rf8+ Be8 40. Rg8 Rc7 1-0

[Event "SenWM Bad Zwischenahn"]
[Site "?"]
[Date "2008.??.??"]
[Round "?"]
[White "Kaufman, Larry C"]
[Black "Agzamov, Vaycheslav"]
[Result "1/2-1/2"]
[WhiteElo "2390"]
[BlackElo "2305"]
[PlyCount "103"]
[EventDate "2008.??.??"]

1. d4 Nf6 2. c4 g6 3. Nc3 Bg7 4. e4 O-O 5. Bg5 d6 6. Qd2 Nbd7 7. Bd3 c5 8. d5
a6 9. a4 e5 10. Nge2 Re8 11. O-O Qe7 12. Ng3 Qf8 13. f3 h6 14. Be3 h5 15. a5
Nh7 16. Na4 h4 17. Nh1 Qe7 18. Rab1 Bf6 19. b4 Bg5 20. bxc5 Nxc5 21. Nxc5 dxc5
22. Nf2 Bxe3 23. Qxe3 Nf6 24. Bc2 Qc7 25. Rb6 Nd7 26. Ba4 Nxb6 27. axb6 Qd8 28.
Bxe8 Qxe8 29. Qxc5 a5 30. Ra1 a4 31. Nd3 Qd8 32. Qc7 Qg5 33. Nxe5 Qf4 34. Ng4
Qd2 35. Qd8+ Kh7 36. Qxh4+ Kg8 37. Qd8+ Kh7 38. Qf6 Bxg4 39. fxg4 a3 40. Qxf7+
Kh6 41. Qf2 Qb2 42. Rf1 Qe5 43. h4 a2 44. g5+ Kh5 45. g3 Qxe4 46. Qf6 Qe3+ 47.
Kh2 Ra3 48. Qh8+ Kg4 49. Qc8+ Kh5 50. Qh8+ Kg4 51. Qc8+ Kh5 52. Qh8+ 1/2-1/2

[Event "SenWM Bad Zwischenahn"]
[Site "?"]
[Date "2008.??.??"]
[Round "?"]
[White "Bogdanov, Valentin"]
[Black "Clemens, Christian Dr"]
[Result "1/2-1/2"]
[WhiteElo "2380"]
[BlackElo "2280"]
[PlyCount "53"]
[EventDate "2008.??.??"]

1. d4 f5 2. g3 Nf6 3. Bg2 e6 4. Nf3 d5 5. O-O Bd6 6. c4 c6 7. b3 Qe7 8. Qc2 O-O
9. Nc3 Nbd7 10. Na4 b6 11. Nb2 Ba6 12. a4 Rfc8 13. a5 c5 14. axb6 axb6 15. Bg5
h6 16. Bf4 Bxf4 17. gxf4 Ne4 18. Rfc1 dxc4 19. bxc4 Bb7 20. e3 Nd6 21. Qd1 Rxa1
22. Rxa1 cxd4 23. Nxd4 Bxg2 24. Kxg2 Nc5 25. Nf3 Rd8 26. Qc2 Rc8 27. Nd4
1/2-1/2

[Event "SenWM Bad Zwischenahn"]
[Site "?"]
[Date "2008.??.??"]
[Round "?"]
[White "Szenetra, Werner"]
[Black "Podgayets, Mykhaylo"]
[Result "1/2-1/2"]
[WhiteElo "2270"]
[BlackElo "2465"]
[PlyCount "35"]
[EventDate "2008.??.??"]

1. Nf3 Nf6 2. g3 g6 3. Bg2 Bg7 4. O-O O-O 5. d3 d5 6. Nbd2 Nc6 7. e4 e5 8. c3
a5 9. exd5 Nxd5 10. a4 h6 11. Qb3 Nb6 12. Qc2 Be6 13. Ne4 Nd7 14. Be3 Qe7 15.
b4 axb4 16. cxb4 Nxb4 17. Qxc7 Nd5 18. Bc5 1/2-1/2

[Event "SenWM Bad Zwischenahn"]
[Site "?"]
[Date "2008.??.??"]
[Round "?"]
[White "Kaminik, Alexander"]
[Black "Butnorius, Algimantas"]
[Result "0-1"]
[WhiteElo "2255"]
[BlackElo "2435"]
[PlyCount "128"]
[EventDate "2008.??.??"]

1. d4 Nf6 2. c4 e6 3. Nc3 Bb4 4. e3 O-O 5. Bd3 d5 6. Nge2 c5 7. O-O cxd4 8.
exd4 dxc4 9. Bxc4 Nbd7 10. Bg5 Be7 11. Qd3 a6 12. Qf3 Ra7 13. a4 b6 14. Rfe1
Rc7 15. Bb3 Bb7 16. Qh3 Re8 17. Rad1 Nd5 18. Bxd5 Bxd5 19. Bxe7 Rxe7 20. Nf4
Nf6 21. Rd3 Red7 22. Qg3 Rc4 23. h3 h6 24. Re5 Kh7 25. Rd1 Kh8 26. Ncxd5 Nxd5
27. Nxd5 Rxd5 28. Rxd5 Qxd5 29. Qb8+ Kh7 30. Qxb6 Rxa4 31. Qc5 Ra5 32. Qe7 Qf5
33. Qc7 Rd5 34. Qc4 a5 35. Rd3 Qe4 36. Qc3 e5 37. f3 Qe2 38. Rd2 Qe1+ 39. Kh2
exd4 40. Qd3+ f5 41. Re2 Qc1 42. g3 Qf1 43. f4 a4 44. h4 Rc5 45. h5 Rd5 46. Qa6
Rd6 47. Qd3 Rf6 48. Rd2 Qxd3 49. Rxd3 Rb6 50. Kh3 Rb4 51. Rd2 Kg8 52. g4 Rb3+
53. Kh4 d3 54. Kg3 Kf7 55. g5 Ke6 56. Kf3 Kd5 57. Ke3 Kc4 58. g6 Rb4 59. Rd1
Rxb2 60. Ra1 Re2+ 61. Kf3 Kb3 62. Rb1+ Rb2 63. Re1 d2 64. Rd1 a3 0-1

[Event "SenWM Bad Zwischenahn"]
[Site "?"]
[Date "2008.??.??"]
[Round "?"]
[White "Jorgensen, Jorgen"]
[Black "Tseitlin, Mark"]
[Result "1-0"]
[WhiteElo "2250"]
[BlackElo "2435"]
[PlyCount "97"]
[EventDate "2008.??.??"]

1. Nf3 Nf6 2. g3 d5 3. Bg2 c6 4. d4 Bf5 5. Nbd2 h6 6. c4 e6 7. O-O Be7 8. b3
O-O 9. Bb2 Nbd7 10. Ne5 a5 11. Re1 a4 12. Nxd7 Qxd7 13. Bc3 b5 14. c5 Ne4 15.
Nxe4 dxe4 16. b4 Qd5 17. e3 Bg6 18. f4 h5 19. Qe2 f6 20. Rf1 Kf7 21. Rf2 Rh8
22. Rc1 h4 23. g4 h3 24. Bf1 Rh4 25. Qd1 f5 26. g5 Rg4+ 27. Kh1 Rh8 28. Be2
Qxa2 29. Ra1 Qd5 30. Bxg4 fxg4 31. Qxg4 Bh5 32. Qg3 Bf3+ 33. Kg1 Kg6 34. Raf1
Kf5 35. Re1 Kg6 36. Ref1 Qf5 37. Rxf3 exf3 38. Qxf3 Rh4 39. Be1 Rh8 40. e4 Qf8
41. f5+ Kh7 42. Qxh3+ Kg8 43. Qg4 Qd8 44. f6 Qxd4+ 45. Rf2 Kf8 46. fxe7+ Kxe7
47. Qf3 Qe5 48. Qf7+ Kd8 49. Rd2+ 1-0

[Event "SenWM Bad Zwischenahn"]
[Site "?"]
[Date "2008.??.??"]
[Round "?"]
[White "Kapengut, Albert"]
[Black "Chehlov, Aleksander"]
[Result "1/2-1/2"]
[WhiteElo "2430"]
[BlackElo "2250"]
[PlyCount "46"]
[EventDate "2008.??.??"]

1. e4 c5 2. Nf3 d6 3. d4 cxd4 4. Nxd4 Nf6 5. Nc3 a6 6. f4 Qc7 7. Bd3 e5 8. Nf3
Be7 9. O-O O-O 10. Kh1 Be6 11. Qe2 b5 12. a4 b4 13. Nd1 h6 14. f5 Bc8 15. g4 d5
16. Nf2 Nxe4 17. Nxe4 dxe4 18. Bxe4 Bb7 19. g5 hxg5 20. Bxg5 f6 21. Bh6 Rf7 22.
Rg1 Bf8 23. Rg4 Nd7 1/2-1/2

[Event "SenWM Bad Zwischenahn"]
[Site "?"]
[Date "2008.??.??"]
[Round "?"]
[White "Chernikov, Oleg L"]
[Black "Simon Padros, Emili"]
[Result "1-0"]
[WhiteElo "2410"]
[BlackElo "2245"]
[PlyCount "77"]
[EventDate "2008.??.??"]

1. d4 e6 2. c4 f5 3. g3 Nf6 4. Bg2 d5 5. cxd5 exd5 6. Nf3 Bd6 7. Bf4 Bxf4 8.
gxf4 O-O 9. Nc3 c6 10. e3 Nbd7 11. O-O Ne4 12. Ne2 Qe7 13. Ne5 Nxe5 14. fxe5
Ng5 15. Qe1 a5 16. h4 Ne6 17. f4 Kh8 18. Kh2 Bd7 19. Rc1 g6 20. Bf3 h6 21. Rg1
Rg8 22. Qg3 Nf8 23. Nc3 Nh7 24. Rg2 g5 25. hxg5 hxg5 26. fxg5 Rxg5 27. Qf4
Rxg2+ 28. Kxg2 Rg8+ 29. Kf2 Be6 30. Rh1 Qg5 31. Qxg5 Rxg5 32. Rh6 Bc8 33. Na4
Rg8 34. Bh5 Kg7 35. Rg6+ Kf8 36. Nb6 Rxg6 37. Bxg6 Be6 38. Bxh7 Kg7 39. Na8 1-0

[Event "SenWM Bad Zwischenahn"]
[Site "?"]
[Date "2008.??.??"]
[Round "?"]
[White "Anguera, Jaime"]
[Black "Zakharov, Alexander"]
[Result "0-1"]
[WhiteElo "2245"]
[BlackElo "2410"]
[PlyCount "80"]
[EventDate "2008.??.??"]

1. Nf3 c5 2. c4 Nf6 3. Nc3 g6 4. g3 Nc6 5. Bg2 d6 6. d3 Bg7 7. O-O O-O 8. h3
Rb8 9. e4 a6 10. a4 Ne8 11. Nh4 Nd4 12. Ne2 b5 13. Nxd4 Bxd4 14. Rb1 bxc4 15.
dxc4 Be6 16. Qc2 Ng7 17. Nf3 Bf6 18. Bg5 Bxg5 19. Nxg5 Bd7 20. f4 Rb4 21. b3
Qb6 22. Nf3 Rb8 23. Nd2 Ne6 24. e5 Nd4 25. Qd3 Bf5 26. Be4 Bxh3 27. Rf3 Nxf3+
28. Qxf3 h5 29. f5 dxe5 30. fxg6 fxg6 31. Bd5+ e6 32. Be4 Bf5 33. Bxf5 exf5 34.
Qd5+ Kg7 35. Qd7+ Kh6 36. Nf3 Qd8 37. Qc6 Rxb3 38. Rf1 Rb1 39. Nh4 Qd4+ 40. Kh2
Qb2+ 0-1

[Event "SenWM Bad Zwischenahn"]
[Site "?"]
[Date "2008.??.??"]
[Round "?"]
[White "Nordström, Felix"]
[Black "Bakhmatov, Eduard"]
[Result "1-0"]
[WhiteElo "2210"]
[BlackElo "2370"]
[PlyCount "101"]
[EventDate "2008.??.??"]

1. e4 c5 2. Nf3 e6 3. d4 cxd4 4. Nxd4 a6 5. c4 Nf6 6. Nc3 Qc7 7. Nc2 Be7 8. Be2
O-O 9. O-O d6 10. Ne3 Nbd7 11. Qc2 b6 12. Bd2 Bb7 13. Rac1 Rac8 14. Rfd1 Qb8
15. Bf1 Rfd8 16. f3 d5 17. exd5 exd5 18. Nexd5 Nxd5 19. cxd5 Nf6 20. Qf5 Bc5+
21. Kh1 Nxd5 22. Ne4 Be7 23. Ng5 Bxg5 24. Bxg5 Rxc1 25. Rxc1 f6 26. Bd2 Qd6 27.
Qd3 b5 28. Ba5 Re8 29. Qd4 Qe5 30. Qxe5 Rxe5 31. Kg1 f5 32. Re1 Rxe1 33. Bxe1
Kf7 34. Kf2 Ke6 35. a4 Bc6 36. axb5 Bxb5 37. Bxb5 axb5 38. Bc3 g5 39. g3 h5 40.
Ke2 h4 41. Kd3 h3 42. Bd2 g4 43. fxg4 fxg4 44. Ke4 Nf6+ 45. Kf4 Kd5 46. Kf5 Ne4
47. Be1 Kd4 48. Kxg4 Kd3 49. Kxh3 Kc2 50. Kg4 Kxb2 51. h4 1-0

[Event "SenWM Bad Zwischenahn"]
[Site "?"]
[Date "2008.??.??"]
[Round "?"]
[White "Zhelesny, Stanislav"]
[Black "Mishuchkov, Nikolai"]
[Result "1/2-1/2"]
[WhiteElo "2180"]
[BlackElo "2355"]
[PlyCount "75"]
[EventDate "2008.??.??"]

1. Nf3 Nf6 2. g3 d5 3. Bg2 g6 4. d4 Bg7 5. O-O O-O 6. Nbd2 c6 7. c3 Bf5 8. Nh4
Bg4 9. h3 Bd7 10. Nhf3 Qc8 11. Kh2 c5 12. Ne5 cxd4 13. cxd4 Bf5 14. Nb3 Bc2 15.
Qe1 Bxb3 16. axb3 Nc6 17. Be3 Qe6 18. Nxc6 Qxc6 19. Qb4 Qd7 20. Rfc1 Rfd8 21.
Rc2 Ne8 22. Ra5 e6 23. Qa4 b6 24. Qxd7 Rxd7 25. Ra1 Nd6 26. Rc6 Rc8 27. Rxc8+
Nxc8 28. Rc1 Nd6 29. Rc6 g5 30. Bxg5 Bxd4 31. Rc2 f6 32. Bf4 Kg7 33. Bxd6 Rxd6
34. e4 dxe4 35. Bxe4 Bc5 36. Kg2 Rd4 37. Bf3 Rb4 38. Bd1 1/2-1/2